Fr. Conceicao Rodrigues College of Engineering

Common Controls & Messages Book 2 (Record no. 27346)

MARC details
000 -LEADER
fixed length control field 00326nam a2200157Ia 4500
082 ## - DEWEY DECIMAL CLASSIFICATION NUMBER
Classification number 005.139(W)SIM
100 ## - MAIN ENTRY--PERSONAL NAME
Personal name Simon/Richard
245 ## - TITLE STATEMENT
Title Common Controls & Messages Book 2
260 ## - PUBLICATION, DISTRIBUTION, ETC.
Name of publisher, distributor, etc. Techmedia
Date of publication, distribution, etc. 1998
300 ## - PHYSICAL DESCRIPTION
Extent 959
490 ## - SERIES STATEMENT
Volume/sequential designation II
546 ## - LANGUAGE NOTE
Language note ENGLISH
654 ## - SUBJECT ADDED ENTRY--FACETED TOPICAL TERMS
Focus term computer
942 ## - ADDED ENTRY ELEMENTS (KOHA)
Koha item type BOOK
Holdings
Withdrawn status Lost status Damaged status Not for loan Collection Home library Current library Date acquired Total Checkouts Full call number Barcode Date last seen Price effective from Koha item type
        CRC Fr. Agnel's C.Rodrigues College of Engineering Fr. Agnel's C.Rodrigues College of Engineering 17/03/2023   005.139(W)SIM 10703 17/03/2023 17/03/2023 BOOK